US Second Ladies and Gentlemen Quiz - Statistics

General Stats
  • This quiz has been taken 116 times
    26 since last reset
  • The average score is 24 of 40
Answer Stats
Hint Answer % Correct
January 20, 1981 – January 20, 1989 Bush Barbara Bush
100%
January 20, 2009 – January 20, 2017 Biden Jill Biden
100%
January 20, 1953 – January 20, 1961 Nixon Pat Nixon
95%
January 20, 1993 – January 20, 2001 Gore Tipper Gore
95%
January 20, 1945 – April 12, 1945 Truman Bess Truman
90%
January 20, 2021 – January 20, 2025 Emhoff Doug Craig Emhoff
90%
January 20, 1961 – November 22, 1963 Johnson Lady Bird Johnson
90%
December 6, 1973 – August 9, 1974 Ford Betty Ford
86%
April 21, 1789 – March 4, 1797 Adams Abigail Adams
76%
March 4, 1849 – July 9, 1850 Fillmore Abigail Fillmore
76%
March 4, 1885 – November 25, 1885 Hendricks Eliza Hendricks
76%
March 4, 1865 – April 15, 1865 Johnson Eliza McCardle Johnson
76%
November 18, 1949 – January 20, 1953 Barkley Jane Hadley Barkley
76%
March 4, 1857 – March 4, 1861 Breckinridge Mary Cyrene Burch Breckinridge
76%
March 4, 1813 – November 23, 1814 Gerry Ann Gerry
71%
March 4, 1889 – March 4, 1893 Morton Anna Morton
67%
March 4, 1901 – September 14, 1901 Roosevelt Edith Roosevelt
67%
March 4, 1861 – March 4, 1865 Hamlin Ellen Hamlin
67%
March 4, 1869 – March 4, 1873 Colfax Ellen Maria Colfax
67%
January 20, 2025 – Present Vance Usha Vance
67%
March 4, 1925 – March 4, 1929 Dawes Caro Dawes
62%
March 4, 1921 – August 2, 1923 Coolidge Grace Coolidge
57%
March 4, 1893 – March 4, 1897 Stevenson Letitia Stevenson
57%
March 4, 1841 – April 4, 1841 Tyler Letitia Tyler
57%
January 20, 2001 – January 20, 2009 Cheney Lynne Cheney
52%
January 20, 1989 – January 20, 1993 Quayle Marilyn Quayle
52%
January 20, 2017 – January 20, 2021 Pence Karen Pence
48%
March 4, 1817 – March 4, 1825 Tompkins Hannah Minthorne Tompkins
38%
December 19, 1974 – January 20, 1977 Rockefeller Happy Rockefeller
38%
March 4, 1897 – November 21, 1899 Hobart Jennie Tuttle Hobart
38%
January 20, 1969 – October 10, 1973 Agnew Judy Agnew
38%
January 20, 1965 – January 20, 1969 Humphrey Brown Muriel Humphrey Brown
38%
March 4, 1845 – March 4, 1849 Dallas Sophia Dallas
38%
January 20, 1941 – January 20, 1945 Wallace Ilo Wallace
33%
January 20, 1977 – January 20, 1981 Mondale Joan Mondale
33%
March 4, 1905 – March 4, 1909 Fairbanks Nellie Cole Fairbanks
33%
March 4, 1909 – October 30, 1912 Sherman Carrie Babcock Sherman
29%
March 4, 1933 – January 20, 1941 Garner Ettie Garner
29%
March 4, 1913 – March 4, 1921 Marshall Lois Irene Marshall
29%
March 4, 1825 – December 28, 1832 Calhoun Floride Bonneau Calhoun
24%
No matching quizzes found
Score Distribution
Percent of People with Each Score
Percentile by Number Answered
Your Score History
You have not taken this quiz since the last reset